000 01510njm a2200349Ia 4500
001 20420
003 IT-RoPAU
005 20220918181128.0
008 131025s9999 xx 000 0 und d
040 _aIT-RoPAU
040 _cIT-RoPAU
999 _c100341
_d100341
999 _bn.d.
100 _aCeccarossi Domenico
_91529
100 _eAutore musica
_91530
100 _gCodice autore musica SPICS: 1107
_91531
245 _aCorno magico (Il) di Domenico Ceccarossi (Lp Mcf 15006)
250 _a1a ed.
260 _aITALIA
260 _bPENTAPHON
_c1977 [1a Ed.:1977]
300 _aDISCO
500 _aCorno, pianoforte. Musica strumentale
505 _aSonata (1939) - Castel del Monte (ballata - 1974) - Sonata (1954) di Armando Renzi - Dittico (1974) di Luciano Chailly
511 _aRenzi Armando: pianoforte - Ceccarossi Domenico: corno (Sonata - 1954)
511 _aFumo Marco: pianoforte - Ceccarossi Domenico: corno (Castel del Monte)
650 _aSTRUMENTALE [DISCHI]
_eCodice MATERIA SPICS: 9950
_9828
700 _aCeccarossi Domenico
_gCodice Autore SPICS: 1107
_eAutore
_91532
700 _aHindemith Paul
_gCodice autore musica SPICS: 10783
_eAutore musica
_pSonata (1939)
_91533
700 _aRota Nino
_gCodice autore musica SPICS: 11128
_eAutore musica
_pCastel del Monte
_91534
700 _aRenzi Armando
_gCodice autore musica SPICS: 13277
_eAutore musica
_pSonata (1954)
_91535
700 _aChailly Luciano
_gCodice autore musica SPICS: 8154
_eAutore musica
_pDittico (1974)
_91536
942 _cMD
_2ddc